00956 2200325 4500001002100000005001500021035002000036007000300056008004100059020002200100040001700122082001400139084001600153100002600169245011800195250003400313260003800347300004600385650001200431700002000443700001300463850001200476041000800488504003300496090001900529490002800548990001800576990001800594990001800612INLIS00000000084285620181127103635 a0010-1118000299ta181122s2016 jbia b 1 ind d a978-602-350-097-0 aYOPDYOGbind04223a398.2 a398.2 GIN h0 aGin Subiharso,d1946-1 aHikayat Malin Kundang dan kisah-kisah lainnya /cGin Subiharso; penyunting, Irwan Kurniawan; ilustrator, Starlita aCetakan pertama, Oktober 2016 aBandung :bPenerbit Nuansa,c2016 a88 halaman :bilustrasi berwarna ;c24 cm 4aFolklor0 aIrwan Kurniawan0 aStarlita aYOPDYOG0 aind aBibliografi: halaman 295-302 aPK 398.2 GIN h aCerita rakyat nusantara a36342-PD/B.18 a36343-PD/B.18 a36344-PD/B.18